Normal view
MARC view
- UMAIR, ADIL
Entry Personal Name
001 - CONTROL NUMBER
- control field: 72013
003 - CONTROL NUMBER IDENTIFIER
- control field: NUST
005 - DATE AND TIME OF LATEST TRANSACTION
- control field: 20210628204728.0
008 - FIXED-LENGTH DATA ELEMENTS
- fixed length control field: 210628|| aca||aabn | a|a d
040 ## - CATALOGING SOURCE
- Original cataloging agency: NUST
- Transcribing agency: NUST
100 ## - HEADING--PERSONAL NAME
- Personal name: UMAIR, ADIL
670 ## - SOURCE DATA FOUND
- Source citation: Work cat.: (NUST): UMAIR, ADIL,, PR-SOF-1262-DESIGN AND FABRICATION OF WOOD GASIFICATION PLANT THAT RUNS A 15 KVA STATIC LOAD GENERATOR, 2013
